1 Billion streams club : Rihanna - Statistics

General Stats
  • This quiz has been taken 64 times
    10 since last reset
  • The average score is 17 of 19
Answer Stats
Album Song Streams % Correct
Unapologetic Diamonds 1.9B
100%
Anti Love On The Brain 2.1B
100%
Music of the Sun Pon de Replay 1.0B
100%
Unapologetic(ft. Mikky Ekko) Stay 1.9B
100%
Single(ft. Calvin Harris) This Is What You Came For 2.2B
100%
Good Girl Gone Bad(ft. Jay-Z) Umbrella 2.2B
100%
Grateful(ft. DJ Khaled and Bryson Tiller) Wild Thoughts 1.3B
100%
Anti(ft. Drake) Work 1.6B
100%
Good Girl Gone Bad Disturbia 1.0B
89%
Single(ft. Kanye West and Paul McCartney) FourFiveSeconds 1.3B
89%
Recovery(ft. Eminem) Love The Way You Lie 2.2B
89%
Anti Needed Me 1.9B
89%
Talk That Talk(ft. Calvin Harris) We Found Love 2.4B
89%
Good Girl Gone Bad Don't Stop The Music 1.6B
78%
Loud S&M 1.6B
78%
The Marshall Mathers LP 2(ft. Eminem) The Monster 1.4B
78%
Views(ft. Drake) Too Good 1.1B
78%
Talk That Talk Where Have You Been 1.1B
78%
Loud Only Girl (In The World) 1.8B
67%
No matching quizzes found
Score Distribution
Percent of People with Each Score
Percentile by Number Answered
Your Score History
You have not taken this quiz since the last reset